Fundamentals of Transportation and Traffic Operations (Record no. 317581)
[ view plain ]
| 000 -LEADER | |
|---|---|
| fixed length control field | 00417 a2200169 4500 |
| 001 - CONTROL NUMBER | |
| control field | 82508 |
| 003 - CONTROL NUMBER IDENTIFIER | |
| control field | NUST |
| 005 - DATE AND TIME OF LATEST TRANSACTION | |
| control field | 20180119193428.0 |
| 008 - FIXED-LENGTH DATA ELEMENTS--GENERAL INFORMATION | |
| fixed length control field | 180119b xxu||||| |||| 00| 0 eng d |
| 020 ## - INTERNATIONAL STANDARD BOOK NUMBER | |
| International Standard Book Number | 9780080427850 |
| 082 ## - DEWEY DECIMAL CLASSIFICATION NUMBER | |
| Classification number | 388/DAG |
| 100 ## - MAIN ENTRY--PERSONAL NAME | |
| Personal name | Carlos F. Daganzo |
| 9 (RLIN) | 9145 |
| 245 ## - TITLE STATEMENT | |
| Title | Fundamentals of Transportation and Traffic Operations |
| Medium | English |
| 250 ## - EDITION STATEMENT | |
| Edition statement | Ist |
| 260 ## - PUBLICATION, DISTRIBUTION, ETC. | |
| Place of publication, distribution, etc. | UK |
| Name of publisher, distributor, etc. | Emerald |
| Date of publication, distribution, etc. | 1997 |
| 300 ## - PHYSICAL DESCRIPTION | |
| Extent | xv + 339 |
| 500 ## - GENERAL NOTE | |
| General note | Reference book |
| 518 ## - DATE/TIME AND PLACE OF AN EVENT NOTE | |
| Date/time and place of an event note | 09-09-2011 |
| 942 ## - ADDED ENTRY ELEMENTS (KOHA) | |
| Institution code [OBSOLETE] | cae nust |
| Koha item type | Book |
| Call number prefix | 388/DAG |
| Source of classification or shelving scheme | |
| Withdrawn status | Lost status | Damaged status | Not for loan | Collection code | Permanent Location | Current Location | Date acquired | Total Checkouts | Full call number | Barcode | Date last seen | Price effective from | Koha item type |
|---|---|---|---|---|---|---|---|---|---|---|---|---|---|
| College of Aeronautical Engineering (CAE) | College of Aeronautical Engineering (CAE) | 04/03/2017 | 388/DAG | CAE82315 | 04/05/2017 | 04/05/2017 | Book | ||||||
| College of Aeronautical Engineering (CAE) | College of Aeronautical Engineering (CAE) | 04/03/2017 | 388/DAG | CAE82317 | 04/05/2017 | 04/05/2017 | Book | ||||||
| College of Aeronautical Engineering (CAE) | College of Aeronautical Engineering (CAE) | 04/03/2017 | 388/DAG | CAE82316 | 04/05/2017 | 04/05/2017 | Book |
